| 000 | 00547nam a2200193 a 4500 | ||
|---|---|---|---|
| 001 | 0153 | ||
| 005 | 20140414132039.0 | ||
| 008 | 040804s19uu xx 00 eng d | ||
| 020 | _a2-89433-117-7 | ||
| 050 |
_aBB _bB35 1993 |
||
| 100 | _aBryant, Robyn | ||
| 245 |
_aBeauty and beast / _cStory adaptation by Robyn Bryant. |
||
| 260 |
_aMontreal, Canada : _bBrimar Publishing, _c1993. |
||
| 300 | _a16 p. : ill. ; cm. | ||
| 440 | _aThe Walt Disney Princess | ||
| 650 |
_aFairy tales _xFiction. |
||
| 650 | _aChildren stories. | ||
| 999 |
_c113814 _d113814 |
||